Faculty of Law Library — Cairo University

Official Online Catalog

Trattato Diritto Penale Italiανο Secondo Il Codice Del 1930. (Record no. 73260)

MARC details
000 -LEADER
fixed length control field 01090nam a2200277 i 4500
003 - CONTROL NUMBER IDENTIFIER
control field EG-GICUC
005 - DATE AND TIME OF LATEST TRANSACTION
control field 20260424082740.0
008 - FIXED-LENGTH DATA ELEMENTS--GENERAL INFORMATION
fixed length control field 260424s1933 It |||fr|||| 00| 0 FRE d
040 ## - CATALOGING SOURCE
Original cataloging agency EG-GiCUC
Language of cataloging fre
Transcribing agency EG-GiCUC
Modifying agency EG-GiCUC
Description conventions Rda
082 04 - DEWEY DECIMAL CLASSIFICATION NUMBER
Edition number 21
Classification number 343.045
Item number MA . T
092 04 - LOCALLY ASSIGNED DEWEY CALL NUMBER (OCLC)
Edition number 21
099 ## - LOCAL FREE-TEXT CALL NUMBER (OCLC)
Classification number Law1 10 343.045 MA . T 1933
100 1# - MAIN ENTRY--PERSONAL NAME
Personal name Manzini, Avy. Vincenzo
Relator term Auteur
245 10 - TITLE STATEMENT
Title Trattato Diritto Penale Italiανο Secondo Il Codice Del 1930.
Number of part/section of a work Volume Primo,
Name of part/section of a work La Scienza Del Diritto Penale Relazioni Fonti Del Diritto Penale Diritto Transitorio Diritto Penale Internazionale I Soggetti Il Reato L'imputabilitä /
Statement of responsibility, etc. Avy. Vincenzo Manzini.
264 #1 - PRODUCTION, PUBLICATION, DISTRIBUTION, MANUFACTURE, AND COPYRIGHT NOTICE
Place of production, publication, distribution, manufacture Torino :
Name of producer, publisher, distributor, manufacturer Unione Tipografico-editrice Torinese,
Date of production, publication, distribution, manufacture, or copyright notice 1933.
300 ## - PHYSICAL DESCRIPTION
Extent Vi - Vii 727 page;
Dimensions 24 cm.
336 ## - CONTENT TYPE
Source rda contenu
Content type term texte
337 ## - MEDIA TYPE
Source rda medias
Media type term Ordinateur
338 ## - CARRIER TYPE
Source transporteur rda
Carrier type term Ressource en ligne
500 ## - GENERAL NOTE
General note Indice
650 1# - SUBJECT ADDED ENTRY--TOPICAL TERM
Topical term or geographic name entry element Droit De Pénal
Chronological subdivision Italie
Source of heading or term qrmak
651 1# - SUBJECT ADDED ENTRY--GEOGRAPHIC NAME
Source of heading or term qrmak
856 40 - ELECTRONIC LOCATION AND ACCESS
Uniform Resource Identifier <a href="https://fll.law.cu.edu.eg/fulltext/bks/B10-10326.pdf">https://fll.law.cu.edu.eg/fulltext/bks/B10-10326.pdf</a>
905 ## - Cataloger and Reviser Names
Cataloger Name: Yasmin Sayed
942 ## - ADDED ENTRY ELEMENTS (KOHA)
Source of classification or shelving scheme Dewey Decimal Classification
Koha item type Books
Edition 21
Suppress in OPAC No
Holdings
Withdrawn status Lost status Source of classification or shelving scheme Damaged status Not for loan Collection Home library Current library Date acquired Total checkouts Full call number Barcode Date last seen Copy number Price effective from Koha item type
    Dewey Decimal Classification   Not for loan القانون الجنائي جــــامعة القــاهرة مكتبة كلية الحقوق - المبنى الرئيسي 24.04.2026   Law1 10 343.045 MA . T 1933 1010326 V1, C1 B10-10326 24.04.2026 1 24.04.2026 Books

© All rights reserved — Faculty of Law, Cairo University